000 02078ngm a2200421 4500
003 dpl
005 20080723110517.0
007 DVD
008 ||||||sp199 xxu|||||c|||| 00| 0 eng d
010 _aDVD-001053-1055 DVD-001622
024 _a23787
_c499.00
035 _aDVD-001053-1055 DVD-001622
040 _aDPL
_cDPL
082 _aDVD / TRAN
245 _aTransporter, The
_c20th Century Fox Presents
_h[videorecording] DVD/
260 _b20th Century Fox Homeentertainment
300 _a1 videodisc DVD; (92 min.) :
_bsd., col. ;
_c4 3/4 in.
_fDVD
440 _a20th Centyry Fox Home Entertainment
500 _aSole Distributor in India M/s. Excel Productions Autio Visuals Pvt. Ltd.
500 _a"A High Octane Thrill Ride"
500 _aThis DVD is Copy Protected
538 _aDolby Digital 5.1-English Subtitles: English, Korean, Cantonese, Thai, , Mandarin
538 _aAspect Ratio: 2.35:1, Presentation type: Wide Screen, Presentation Size 16x9 Format DVD 9 Dual Layer Single Sided Disc.
650 _aMothin Picture
700 _aStatham, Jaosn
700 _aQi, Shu
700 _aBerleand, Francois
700 _aSchule, Matt
700 _aClarke, Stanely
700 _aTissander, Hugues
700 _aMorel, Pierre
942 _cCF
_2ddc
_hDVD
_mTRAN
999 _c16908
_d16908